000 00778cab a2200229 4500
001 WB2514-29
008 090401t1989 xxu||||| |||| 00| 0 eng d
035 _a(Sirsi) u4868
041 _aeng
245 _aSurveyor sued over missed defects
260 _c1989
350 _a0
490 _aBuilding Today
_vvol 197 no 5801, 13/4/89 p4
520 _aBrief details of a case involving alleged negligence on the part of surveyor Garratt Anderson of Chatham, Kent, who reported that a bungalow was in good order, despite serious subsidence . The purchasers accepted damages totalling £60,000.
650 _aBUILDING DEFECTS
650 _aDRAINS
650 _aLATENT DEFECTS
650 _aSTEVENS
690 _aPROFESSIONAL PRACTICE
942 _n0
948 _c04/03/1997
999 _c2944
_d2944